Kto je za výbuchmi v Bejrúte?

Bibliographic Details
Main Author: Lőrincz, Július, 1910-1980 (Author)
Format: Article
Language:Slovak
Subjects:

MARC

LEADER 00000nab a2200000 a 4500
001 vtls000253664
003 SK-MaSNL
005 20260304165530.0
008 111130c1986 xo 0 slo
015 |a SNBRB19rr/mm-uuuuu 
035 |a CL0263778 
040 |a SNKBUCL  |b slo  |c SNKBUCL  |e AACR2 
041 0 |a slo 
044 |a xo  |c SK 
080 |a 323(100-19)(569.3)  |2 1981 
080 |a 327(100-19)(73:569.3)  |2 1981 
080 |a 327(100-19)(569.3:569.4)  |2 1981 
100 1 |a Lőrincz, Július,  |d 1910-1980  |4 aut  |9 48954 
245 1 0 |a Kto je za výbuchmi v Bejrúte?  |c Július P. Lörincz 
650 0 7 |a vnútorná politika  |2 snkbucl  |9 970 
651 7 |a Libanon  |2 snkbucl  |9 51209 
651 7 |a Blízky východ  |2 snkbucl  |9 60147 
651 7 |a Izrael  |2 snkbucl  |9 16888 
655 7 |a články z novín a časopisov  |2 snkbucl  |9 267496 
773 0 |t Pravda  |g Roč. 67, č. 179 (1. 8. 1986), s. 7 
850 |a Slovenská národná knižnica v Martine  |a MTA001 
852 |a SNK  |b KIS3GCP 
958 |a RK 
992 |a RBX 
999 |c 2984513  |d 2986443